LEADER 01356nam a2200385 i 4500 001 991001289319707536 005 20020507190719.0 008 940301s1986 uk ||| | eng 020 $a0582988950 035 $ab10826853-39ule_inst 035 $aLE01309988$9ExL 040 $aDip.to Matematica$beng 082 0 $a532.05 084 $aAMS 73-06 084 $aAMS 73-XX 084 $aAMS 73B 084 $aAMS 73F 084 $aAMS 76A 084 $aAMS 76D 084 $aAMS 76Z 084 $aQA911.R4 100 1 $aDe Kee, Daniel$060218 245 10$aRecent developments in structured continua[ :$blectures presented at the conference held at the Univ. of Windsor, May 29-31, 1985] /$ceds. Daniel De Kee, Purna N. Kaloni 260 $aHarlow :$bLongman,$c1986 300 $a283 p. ;$c24 cm. 490 0 $aPitman research notes in mathematics series, ISSN 02693674 ;$v143 500 $aConference/meeting Univ. Windsor 1985 650 4$aMechanics of solids 700 1 $aKaloni, Purna N. 907 $a.b10826853$b23-02-17$c28-06-02 912 $a991001289319707536 945 $aLE013 73-XX DEK11 (1986)$g1$i2013000130781$lle013$o-$pE0.00$q-$rl$s- $t0$u0$v0$w0$x0$y.i10934832$z28-06-02 996 $aRecent developments in structured continua$9924715 997 $aUNISALENTO 998 $ale013$b01-01-94$cm$da $e-$feng$guk $h0$i1 LEADER 01953nam 2200553 450 001 996466557903316 005 20231110220315.0 010 $a3-030-84238-X 035 $a(MiAaPQ)EBC6921763 035 $a(Au-PeEL)EBL6921763 035 $a(CKB)21393443300041 035 $a(PPN)261518984 035 $a(EXLCZ)9921393443300041 100 $a20221017d2022 uy 0 101 0 $aeng 135 $aurcnu|||||||| 181 $ctxt$2rdacontent 182 $cc$2rdamedia 183 $acr$2rdacarrier 200 00$aScientific computing in electrical engineering $eSCEE 2020, Eindhoven, the Netherlands, February 2020 /$fMartijn van Beurden, Neil Budko and Wil Schilders, editors 210 1$aCham, Switzerland :$cSpringer International Publishing,$d[2022] 210 4$d©2022 215 $a1 online resource (305 pages) 225 1 $aMathematics in Industry ;$vv.36 311 08$aPrint version: van Beurden, Martijn Scientific Computing in Electrical Engineering Cham : Springer International Publishing AG,c2022 9783030842376 410 0$aMathematics in Industry 606 $aElectrical engineering$xData processing 606 $aElectrical engineering$xMathematical models 606 $aEnginyeria elèctrica$2thub 606 $aModels matemàtics$2thub 606 $aProcessament de dades$2thub 608 $aCongressos$2thub 608 $aLlibres electrònics$2thub 615 0$aElectrical engineering$xData processing. 615 0$aElectrical engineering$xMathematical models. 615 7$aEnginyeria elèctrica 615 7$aModels matemàtics 615 7$aProcessament de dades 676 $a621.3 702 $aBeurden$b Martijn van 702 $aBudko$b Neil 702 $aSchilders$b Wil 801 0$bMiAaPQ 801 1$bMiAaPQ 801 2$bMiAaPQ 906 $aBOOK 912 $a996466557903316 996 $aScientific computing in electrical engineering$91523618 997 $aUNISA LEADER 01469nas 2200481 c 450 001 9910893422003321 005 20260218111351.0 035 $a(CKB)5280000000196222 035 $a(DE-599)ZDB2232340-5 035 $a(OCoLC)633642745 035 $a(DE-101)979429900 035 $a(DE-599)2232340-5 035 $a(EXLCZ)995280000000196222 100 $a20060421b19381941 |y | 101 0 $ager 135 $aur||||||||||| 181 $ctxt$2rdacontent 182 $cc$2rdamedia 183 $acr$2rdacarrier 200 00$a˜Dasœ andere Deutschland$eo?rgano de los Alemanes antihitleristas de la Ame?rica Latina = ˜Laœ otra Alemania 210 31$aBuenos Aires$d1938-1941 215 $aOnline-Ressource 300 $aZusatz wechselt 300 $aGesehen am 14.09.2018 517 1 $a˜Laœ otra Alemania 606 $aDeutsche$3(DE-588)4070334-4$3https://d-nb.info/gnd/4070334-4$3(DE-101)040703347$2gnd 606 $aExil$3(DE-588)4015959-0$3https://d-nb.info/gnd/4015959-0$3(DE-101)040159590$2gnd 607 $aArgentinien$2gnd 608 $aZeitschrift$2gnd-content 608 $aQuelle$2gnd-content 608 $aQuelle$2gnd 608 $aOnline-Publikation$2gnd 615 7$aDeutsche. 615 7$aExil. 676 $a900 686 $a16.5$qDE-101$2sswd 801 0$b0005 801 1$bDE-101 801 2$b9999 906 $aJOURNAL 912 $a9910893422003321 996 $aAndere Deutschland$94257438 997 $aUNINA